000 00281nam a2200109Ia 4500
008 220204s9999 xx 000 0 und d
082 _a001.396527
_bFOX
100 _aFOX, Karl
245 0 _aIntermediate economic statistics
260 _aNew Delhi
_bWiley Eastern
_c1972
942 _cBK
999 _c23703
_d23703